| 000 | 01135cam a2200253 4500 | ||
|---|---|---|---|
| 008 | 020514n2002 000 0 eng u | ||
| 020 | _a0471974501 | ||
| 035 | _a(Sirsi) u117947 | ||
| 041 | _aeng. | ||
| 100 | _aSinger, J. | ||
| 245 | _aBuckling experiments, experimental methods in buckling of thin-walled structures: volume 2 | ||
| 260 |
_aNew York _bWiley _c2002 |
||
| 300 |
_axx, 1108p. _bill. _c27cm. |
||
| 350 | _a204 | ||
| 520 | _aAn American text which covers a wide range of experimental methods for testing and assessing buckling behaviour for a variety of structures. Summarises the state of the art of experimental methods in buckling of thin-walled structures from the viewpoint of the experimenter. Considers shells, stiffened plates and shells, composite structures, plastic buckling, cutout and damage effects, dynamic loads, thermal buckling, nondestructive tests and measurements. | ||
| 650 | _aBUCKLING | ||
| 650 | _aPLATES | ||
| 650 | _aSHELLS | ||
| 650 | _aTHIN-WALLED STRUCTURES | ||
| 690 | _aBUILT ENVIRONMENT-CONSTRUCTION DESIGN | ||
| 700 | _aArbocz, J. | ||
| 700 | _aWeller, T. | ||
| 942 | _n0 | ||
| 999 |
_c102068 _d102068 |
||